00706nam a2200229Ia 4500999001500000001000900015003000600024005001700030008004100047010001300088040001800101082001600119092001500135100001900150245005600169260004500225300002000270504004100290650002000331942001200351952011300363 c1953d195310292996OCoLC20180921202609.0840112s1950 mou b 000 0 eng d a50002516 aINAcINAdBSC a268bB9591B a268bB932b1 aBurke, Verdia.10aBuilding a better Sunday school /cby Verdia Burke. aSt. Louis, Mo. :bBethany Press,cc1950. a96 p. ;c20 cm. aIncludes bibliographical references. 0aSunday schools. 2ddccBK 00102ddc40708NFICaHMCbHMCcGENd2018-09-21l0o268 B9591Bp001934r2018-09-21 00:00:00w2018-09-21yBK